Úspešnosť regionálneho produktu na trhu bakalárska práca

Salvato in:
Dettagli Bibliografici
Autore principale: Lukovicsová, Kristína
Ente Autore: Obchodná fakulta EU. Katedra tovaroznalectva a kvality tovaru
Altri autori: Dudeková, Alena, 1986-
Natura: Libro
Lingua:slovacco
Pubblicazione: Bratislava 2016
Tags: Aggiungi Tag
Nessun Tag, puoi essere il primo ad aggiungerne!!

MARC

LEADER 00000nbm a2200000 4500
001 0218721
005 20161201142829.4
041 0 |a slo 
044 |a SK 
245 1 0 |a Úspešnosť regionálneho produktu na trhu  |b bakalárska práca  |c Kristína Lukovicsová ; školiteľ: Alena Donovalová 
264 1 |a Bratislava  |c 2016 
300 |a 48 s. 
100 1 |a Lukovicsová, Kristína 
700 1 |a Dudeková, Alena, 1986- 
710 2 |a Obchodná fakulta EU. Katedra tovaroznalectva a kvality tovaru